000 00757nam a2200217 i 4500
001 17703
003 ES-MaACL
005 20230906151639.0
007 t|
008 010504s1998 sp ||||1| spa d
080 _a821.1343.2-34"19"
100 1 _aQuiñones, Javier.
_994752
245 1 0 _aDe libertad tendidas mis banderas /
_cJavier Quiñones. En el principio fueron tres raíles / Juan E. Sanchís Girbés.
260 _aSegorbe :
_bFundación Max Aub :
_bFundación Bancaja,
_c[1998]
300 _a28 p. :
_bil. ;
_c24 cm.
700 1 _aSanchís Girbés, Juan E.
_9103012
710 2 _aFundación Max Aub.
_94367
710 2 _aFundación Bancaja.
_94225
740 0 _aEn el principio fueron tres raíles.
852 _aES-MaACL
_j2164-F-7
_bR.128553
999 _c17703
_d17703